[Event "Mexico City Revolucion op"]
[Site "Mexico City"]
[Date "2024.11.14"]
[Round "3"]
[White "Bolanos Lepere, Ulises"]
[Black "Duran Ceron, Andres"]
[Result "1-0"]
[WhiteElo "1817"]
[BlackElo "1617"]
[PlyCount "79"]
[EventDate "2024.11.13"]
[EventType "swiss"]
[EventRounds "9"]
[EventCountry "MEX"]
[SourceTitle "CB47_2024"]
[SourceDate "2024.11.20"]
[SourceVersion "1"]
[SourceVersionDate "2024.11.20"]
[SourceQuality "1"]

1. Nf3 c5 2. e4 g6 3. d4 cxd4 4. Nxd4 Bg7 5. Be3 Nc6 6. c4 d6 7. Be2 Nf6 8. Nc3 0-0 9. f3 Qa5 10. a3 a6 11. Qd2 Bd7 12. g4 h5 13. g5 Nh7 14. h4 f6 15. f4 fxg5 16. hxg5 e5 17. Nxc6 Bxc6 18. Qxd6 exf4 19. Qxg6 Qxg5 20. Qe6+ Kh8 21. Rxh5 Qg3+ 22. Bf2 Bxc3+ 23. Kf1 Qg7 24. bxc3 Bd7 25. Qd6 Rf6 26. Qxf6 Qxf6 27. Bd4 Kg8 28. Bxf6 Nxf6 29. Rg5+ Kf7 30. Bf3 Rc8 31. e5 Nh7 32. Bd5+ Be6 33. Rf5+ Ke7 34. Rxf4 Bxd5 35. cxd5 Rxc3 36. Ke2 b5 37. a4 Ng5 38. axb5 axb5 39. Ra7+ Ke8 40. Rg4 1-0

[Event "MEX-ch"]
[Site "Pachuca"]
[Date "2024.05.14"]
[Round "1"]
[White "Sanchez Enriquez, Oscar Gerardo"]
[Black "Bolanos Lepere, Ulises"]
[Result "1-0"]
[WhiteElo "2309"]
[BlackElo "1914"]
[PlyCount "119"]
[EventDate "2024.05.14"]
[EventType "swiss"]
[EventRounds "9"]
[EventCountry "MEX"]
[SourceTitle "CBM 220 Extra"]
[Source "ChessBase"]
[SourceDate "2024.07.31"]
[SourceVersion "1"]
[SourceVersionDate "2024.07.31"]
[SourceQuality "1"]

1. e4 c5 2. Nf3 d6 3. d4 cxd4 4. Nxd4 a6 5. c4 Nf6 6. Nc3 Nbd7 7. g4 h5 8. g5 Ng4 9. h3 Nge5 10. f4 Nc6 11. g6 Nf6 12. gxf7+ Kxf7 13. Nf3 g6 14. Be3 Bh6 15. Qd2 Qc7 16. Rg1 Rg8 17. c5 Be6 18. f5 gxf5 19. exf5 Bxf5 20. Bxh6 Rxg1 21. Nxg1 dxc5 22. Bc4+ e6 23. Bf4 Qa5 24. Nf3 Rd8 25. Ng5+ Ke7 26. Qh2 Rd4 27. Bc7 Qb4 28. Bf1 Rd7 29. Rd1 Nd5 30. a3 Qb3 31. Be5 b5 32. Qg3 Nxc3 33. Rxd7+ Kxd7 34. Qxc3 Qd5 35. Bg3 Nd4 36. Kf2 Bg6 37. h4 Qf5+ 38. Kg2 Qd5+ 39. Kh2 Bf5 40. Bg2 Qc4 41. Qxc4 bxc4 42. Ne4 Nb3 43. Nf6+ Ke7 44. Nxh5 Nc1 45. Be5 Nd3 46. Bc3 e5 47. Ng3 Ke6 48. Nxf5 Kxf5 49. Bd5 Nf2 50. Bxc4 Ng4+ 51. Kg3 Nf6 52. Bxa6 Nh5+ 53. Kf2 Kf4 54. Bb7 e4 55. Bd2+ Ke5 56. a4 Nf6 57. a5 Ng4+ 58. Ke2 Kd4 59. a6 Ne5 60. Bc3+ 1-0

[Event "Moscow op-A"]
[Site "Moscow"]
[Date "2015.02.06"]
[Round "7"]
[White "Karpenko, Artem"]
[Black "Bolanos Lepere, Ulises"]
[Result "1-0"]
[WhiteElo "2188"]
[BlackElo "1946"]
[PlyCount "57"]
[EventDate "2015.01.31"]
[EventType "swiss"]
[EventRounds "9"]
[EventCountry "RUS"]
[SourceTitle "CBM 164 Extra"]
[Source "ChessBase"]
[SourceDate "2015.03.02"]
[SourceVersion "1"]
[SourceVersionDate "2015.03.02"]
[SourceQuality "1"]

1. e4 c5 2. Nf3 Nc6 3. Bb5 d6 4. 0-0 Nf6 5. Re1 g6 6. h3 Bg7 7. c3 0-0 8. d4 cxd4 9. cxd4 a6 10. Bxc6 bxc6 11. Nc3 Qc7 12. Be3 Be6 13. Rc1 Qb7 14. Qd2 Rfc8 15. b3 Rc7 16. Bh6 Rac8 17. Bxg7 Kxg7 18. Ng5 Bd7 19. e5 dxe5 20. dxe5 Nd5 21. Nce4 c5 22. Nd6 exd6 23. exd6 Rc6 24. Qxd5 Rb6 25. Qxf7+ Kh6 26. Qf4 Rb4 27. Rc4 Rxc4 28. bxc4 Qb4 29. Ne6+ 1-0

[Event "Moscow op-A"]
[Site "Moscow"]
[Date "2015.02.02"]
[Round "3"]
[White "Pletnev, Evgeniy"]
[Black "Bolanos Lepere, Ulises"]
[Result "1-0"]
[WhiteElo "2203"]
[BlackElo "1946"]
[PlyCount "89"]
[EventDate "2015.01.31"]
[EventType "swiss"]
[EventRounds "9"]
[EventCountry "RUS"]
[SourceTitle "CBM 164 Extra"]
[Source "ChessBase"]
[SourceDate "2015.03.02"]
[SourceVersion "1"]
[SourceVersionDate "2015.03.02"]
[SourceQuality "1"]

1. d4 Nf6 2. Bg5 c5 3. Nc3 cxd4 4. Qxd4 Nc6 5. Qh4 Qb6 6. 0-0-0 h6 7. e4 a6 8. Bxf6 gxf6 9. Nd5 Qd8 10. Bc4 Ne5 11. Bb3 Bg7 12. Qg3 Kf8 13. f4 Ng6 14. Nf3 d6 15. Nd4 h5 16. Kb1 Bg4 17. Rde1 e5 18. Nf5 Bxf5 19. exf5 Ne7 20. fxe5 dxe5 21. Rd1 Nxf5 22. Qc3 Nd4 23. Qb4+ Kg8 24. Ne7+ Kh7 25. Qxb7 Re8 26. Nf5 Qc8 27. Qxc8 Raxc8 28. Nd6 Nxb3 29. axb3 e4 30. Nxc8 Rxc8 31. Rd6 Re8 32. Re1 f5 33. c3 f4 34. Rxa6 h4 35. h3 f6 36. Kc2 Rd8 37. b4 Kg6 38. b5 Kf5 39. Ra7 Bh6 40. b6 f3 41. Ra5+ Kf4 42. Ra4 Kg3 43. gxf3 Kxh3 44. b7 Rb8 45. Rexe4 1-0